000 00709nam a22002417a 4500
001 00136
003 DO-SdBNP
005 20180207115900.0
007 00136
008 160404b xxu 2005 ||||| |||| 00| 0 spa d
020 _a9780838406618
040 _aBPMSU
_bspa
_cBPMSU
092 _axxxxxxxxx
_bxxxxxxxxx
100 1 0 _aStempleski, Susan
245 1 0 _aWorld link :
_bdeveloping english fluency /
_cSusan Stempleski ; Nancy Douglas, James R. Morgan
260 _aEstados Unidos :
_bThomson Heinle,
_c2005.
300 _a154 p. :
_bil.,
_c28 cm.
700 1 0 _aDouglas, Nancy,
_eed.
700 1 0 _aMorgan, James R.,
_eed.
942 _2ddc
_cBK
945 _aInventariado, 2018/MFF
956 _aBrenda Tavárez
999 _c9516
_d9516